| 000 | 01140nam a2200265 a 4500 | ||
|---|---|---|---|
| 001 | 000045013 | ||
| 003 | OSt | ||
| 005 | 20240521193439.0 | ||
| 008 | 100219s2013 dr 000 0 spa d | ||
| 020 | _a978994586485 | ||
| 040 |
_aDO-SdBNP _bspa _cBNPHU |
||
| 082 |
_a342.7293 _bJ82d |
||
| 100 | 1 |
_aJorge Prats, Eduardo _917747 |
|
| 245 | 1 | 0 |
_aDerecho constitucional / _cEduardo Jorge Prats. |
| 250 | _a4a. ed. | ||
| 260 |
_aSanto Domingo : _bIus Novum, _c2013. |
||
| 300 |
_av. ; _c27 cm. |
||
| 500 | _aLa bibblioteca posee el volúmen 1 | ||
| 504 | _aBibliografía : p. 718-724 | ||
| 505 |
_g v.1. _tConstitucionalismo, Constitución, Derecho constitucional -- _tPoder constituyente y reforma constitucional -- _tLa constitución como norma -- _tLas fuentes del derecho -- _tLa interpretación constitucional -- _tLa justicia constitucional -- _tLa dignidad humana como fundamento del Estado y de la constitución -- _tLos principios fundamentales del estado. |
||
| 590 | _aInventariado, 2020 /LP | ||
| 650 | 0 |
_aDerecho constitucional _910314 |
|
| 651 | 4 |
_aRepública Dominicana _xDerecho Constitucional _99303 |
|
| 942 |
_2ddc _cLBS1 |
||
| 999 |
_c44502 _d44502 |
||